Eastern Utah Libraries Catalog: Duchesne, Heber, Roosevelt, & Vernal

Harper & Row's Complete field guide to North American wildlife, Western edition / (Record no. 253880)

MARC details
000 -LEADER
fixed length control field 01243cam a22003371i 4500
001 - CONTROL NUMBER
control field 79002635 //r852
005 - DATE AND TIME OF LATEST TRANSACTION
control field 20250130113147.0
008 - FIXED-LENGTH DATA ELEMENTS--GENERAL INFORMATION
fixed length control field 800820s1981 nyuaf 00110 eng
010 ## - LIBRARY OF CONGRESS CONTROL NUMBER
LC control number 79002635 //r852
020 ## - INTERNATIONAL STANDARD BOOK NUMBER
International Standard Book Number 0061817155 :
Terms of availability $17.50
035 ## - SYSTEM CONTROL NUMBER
System control number ()1491
040 ## - CATALOGING SOURCE
Description conventions rda
043 ## - GEOGRAPHIC AREA CODE
Geographic area code n------
-- n-usp--
050 0# - LIBRARY OF CONGRESS CALL NUMBER
Classification number QL151
Item number .R36 1981
082 0# - DEWEY DECIMAL CLASSIFICATION NUMBER
Classification number 591.978
Edition number 19
092 ## - LOCALLY ASSIGNED DEWEY CALL NUMBER (OCLC)
Classification number general nonfiction
Item number 591.97 Ransom, Jay Ellis
100 1# - MAIN ENTRY--PERSONAL NAME
Personal name Ransom, Jay Ellis,
Dates associated with a name 1914-
9 (RLIN) 5816051
245 10 - TITLE STATEMENT
Title Harper & Row's Complete field guide to North American wildlife, Western edition /
Statement of responsibility, etc assembled by Jay Ellis Ransom ; ill. by Biruta Akerbergs ... [et al.].
250 ## - EDITION STATEMENT
Edition statement 1st ed.
260 ## - PUBLICATION, DISTRIBUTION, ETC. (IMPRINT)
Place of publication, distribution, etc New York :
Name of publisher, distributor, etc Harper & Row,
Date of publication, distribution, etc c1981.
264 ## - Production, Publication, Distribution, Manufacture, and Copyright Notice.
Place of production, publication, distribution, manufacture New York :
Name of producer, publisher, distributor, manufacturer Harper & Row,
Date of production, publication, distribution, manufacture, or copyr c1981.
300 ## - PHYSICAL DESCRIPTION
Extent xi, 809 p., [64] leaves of plates :
Other physical details ill. ;
Dimensions 23 cm.
500 ## - GENERAL NOTE
General note Includes index.
650 #0 - SUBJECT ADDED ENTRY--TOPICAL TERM
Topical term or geographic name as entry element Zoology
Geographic subdivision North America.
9 (RLIN) 102519
650 #0 - SUBJECT ADDED ENTRY--TOPICAL TERM
Topical term or geographic name as entry element Zoology
Geographic subdivision West (U.S.)
9 (RLIN) 5752323
650 #0 - SUBJECT ADDED ENTRY--TOPICAL TERM
Topical term or geographic name as entry element Animals
General subdivision Identification.
9 (RLIN) 6537908
740 0# - ADDED ENTRY--UNCONTROLLED RELATED/ANALYTICAL TITLE
Uncontrolled related/analytical title Complete field guide to North American wildlife,
Name of part/section of a work Western edition.
942 ## - ADDED ENTRY ELEMENTS (KOHA)
Koha item type BOOK
Source of classification or shelving scheme Dewey Decimal Classification
948 ## - LOCAL PROCESSING INFORMATION (OCLC); SERIES PART DESIGNATOR (RLIN)
Series part designator, SPT (RLIN) 05/11/2004
z (OCLC) Sirsi
949 10 - LOCAL PROCESSING INFORMATION (OCLC)
b 34301000207789
c REF
d 591.978 RAN
p 1295
m WCL
n WCL
t NREF
Holdings
Withdrawn status Lost status Source of classification or shelving scheme Damaged status Not for loan Collection code Home library Current library Shelving location Date acquired Source of acquisition Cost, normal purchase price Total Checkouts Total Renewals Full call number Barcode Date last seen Date checked out Cost, replacement price Price effective from Koha item type
    Dewey Decimal Classification     General NonFiction Wasatch County Library Wasatch County Library Second Floor 09/21/2008 Amazon 13.50 1 1 591.97 Ransom 34301000757940 03/03/2026 06/26/2025 13.50 03/20/2020 BOOK
This project was made possible through a grant from the Institute of Museum and Library Service administered by the Utah State Library Division.

Wasatch County Library

  • 465 East 1200 South, Heber City, Utah 84032
  • Phone 435-654-1511 | Fax 435-654-6456

Hours

  • Monday - Friday 9:30 AM - 8:00 PM
  • Saturday 9:30 AM - 1:30 PM
  • Closed Sundays and Holidays